A practical guide to budgetary and management control systems: a functional and performance evaluation approach (Record no. 346578)

000 -LEADER
fixed length control field 00458cam a22001337a 4500
008 - FIXED-LENGTH DATA ELEMENTS--GENERAL INFORMATION
fixed length control field 180718b1979 xxu||||| |||| 00| 0 eng d
082 ## - DEWEY DECIMAL CLASSIFICATION NUMBER
Classification number L1 H812
100 ## - MAIN ENTRY--PERSONAL NAME
Personal name Houck, Lewis Daniel
245 ## - TITLE STATEMENT
Title A practical guide to budgetary and management control systems: a functional and performance evaluation approach
Statement of responsibility, etc. by Lewis Daniel Houck
260 ## - PUBLICATION, DISTRIBUTION, ETC.
Place of publication, distribution, etc. Lexington
Name of publisher, distributor, etc. Lexington Books
Date of publication, distribution, etc. 1979
300 ## - PHYSICAL DESCRIPTION
Extent 234p.
650 ## - SUBJECT ADDED ENTRY--TOPICAL TERM
Topical term or geographic name entry element Accounting, Cost
650 ## - SUBJECT ADDED ENTRY--TOPICAL TERM
Topical term or geographic name entry element Budgetary control
Holdings
Withdrawn status Lost status Damaged status Not for loan Permanent Location Current Location Date acquired Full call number Barcode Date last seen Price effective from Koha item type
        Indian Institute of Public Administration Indian Institute of Public Administration 1993-10-12 L1 H812 57242 2018-07-21 2018-07-21 Book

Powered by Koha